| 000 | 00877cam a22002054a 4500 | ||
|---|---|---|---|
| 005 | 20250605164023.0 | ||
| 008 | 250528s ||||||||||||||||||||||||d | ||
| 035 | _a16434 | ||
| 020 | _a745600239 | ||
| 040 |
_aGR-AtMCL _bgre _dGR-AtMCL _eAACR2 |
||
| 245 | 1 | _aWork, Unemployment and the New Technology | |
| 250 | _a1st | ||
| 260 |
_bPolicy Press, _c1985 |
||
| 300 | _a204 | ||
| 520 | _aAn important contribution to the ongoing debate about the likely impact of the new technology. Foreword, Acknowledgements, Glossary of Abbreviations, Introduction, The Impact on the Enterprise, The Automated Office, On the Shop Floor, The Unemployment Threat, The Trade Union Response, Alternative Approaches to New Technology: Scandinavia, New Technology and the Future of Work, Notes, Index. | ||
| 700 | 1 |
_aGill Colin _92527 |
|
| 942 | _cBK | ||
| 999 |
_c1934 _d1934 |
||